Punjab printing and stationery manual (Record no. 487524)

000 -LEADER
fixed length control field 00385cam a22001097a 4500
008 - FIXED-LENGTH DATA ELEMENTS--GENERAL INFORMATION
fixed length control field 180718b1958 xxu||||| |||| 00| 0 eng d
082 ## - DEWEY DECIMAL CLASSIFICATION NUMBER
Classification number A34 M269
245 ## - TITLE STATEMENT
Title Punjab printing and stationery manual
Statement of responsibility, etc. by Printing and Stationery Department, Punjab
260 ## - PUBLICATION, DISTRIBUTION, ETC.
Place of publication, distribution, etc. Chandigarh
Name of publisher, distributor, etc. Printing and Stationery Department
Date of publication, distribution, etc. 1958
300 ## - PHYSICAL DESCRIPTION
Extent 160+p.
700 ## - ADDED ENTRY--PERSONAL NAME
Personal name Punjab Printing and Stationery Department
Holdings
Withdrawn status Lost status Damaged status Not for loan Permanent Location Current Location Date acquired Full call number Barcode Date last seen Price effective from Koha item type
        Indian Institute of Public Administration Indian Institute of Public Administration 2018-08-04 A34 M269 G434 2018-08-04 2018-08-04 G

Powered by Koha